| 000 | 00831nam a2200229 a 4500 | ||
|---|---|---|---|
| 001 | BRCA_1783 | ||
| 005 | 20190320203540.0 | ||
| 008 | 930930s1988 mx-a---##c---#000-0#spa-# | ||
| 020 | _a9682921406 | ||
| 050 | 4 |
_aNE544.4 _b.M87 1988 |
|
| 245 | 1 | 0 |
_aMuseo Nacional de la Estampa _ccompilación de Beatriz Vidal de Alba. |
| 260 |
_aMéxico _bSEP : Consejo Nacional de Fomento Educativo : Museo Nacional de la Estampa _c1988 |
||
| 300 |
_a95 p. _bil. _c31 cm. |
||
| 500 | _aIncluye índice de autores de obra | ||
| 500 | _aColección Sonia Corcuera de Mancera | ||
| 610 | 2 | 4 |
_aMuseo Nacional de la Estampa (México) _vCatálogos _95562 |
| 650 | 1 | 4 |
_aImpresiones mexicanas _vCatálogos _ySiglo XX _95563 |
| 650 | 1 | 4 |
_aImpresiones _vCatálogos _zMéxico _95564 |
| 700 | 1 |
_aVidal de Alba, Beatriz _95565 |
|
| 902 | _aDSC | ||
| 942 |
_2lcc _cB |
||
| 999 |
_c1565 _d1565 |
||